Catálogo serie 3 : máquinas para encuadernación, cartonajes y auxiliares para imprenta / Neufville, S. A. máquinas para encuadernación, cartonajes y auxiliares para imprenta / Neufville, S. A.
Descripción Física:
[60] p. : il. ; 27 cm
MARC
| LEADER | 00000nam a2200000Ia 4500 | ||
|---|---|---|---|
| 001 | 13924 | ||
| 008 | 160829s9999 xx 000 0 cat d | ||
| 080 | |a C-2-232 | ||
| 110 | 2 | |a Neufville (Firma) |9 55776 | |
| 245 | |a Catálogo serie 3 : |b máquinas para encuadernación, cartonajes y auxiliares para imprenta / Neufville, S. A. | ||
| 260 | |a Barcelona ; Madrid : |b Neufville, S. A., [19-- ?] | ||
| 300 | |a [60] p. : |b il. ; |c 27 cm | ||
| 610 | 2 | 0 | |a Neufville (Firma) |v Catàlegs |9 55777 |
| 650 | |a Arts gràfiques |x Maquinària i accessoris |x Catàlegs |9 38849 | ||
| 901 | |a Arxiu | ||
| 942 | |n 1 | ||
| 952 | |0 0 |1 0 |4 0 |6 C2232 |7 1 |9 48648 |a Arxiu |b Arxiu |d 2016-12-01 |l 0 |o C-2-232 |p 13924 |r 2016-12-01 00:00:00 |w 2016-12-01 |y ARXIU | ||
| 999 | |c 52478 |d 52478 | ||